000 00415nam a2200169 a 4500
001 984
003 CO-ViMGA
008 141112s2004 ck r 000 u spa d
040 _aCO-ViMGA
_bspa
_cCO-ViMGA
082 0 4 _a823.914 D877b
100 1 _aDurrell, Gerald
_96200
245 1 0 _aBichos y demás parientes
260 _aMadrid :
_bAlianza,
_c1991
300 _a259 p
650 1 4 _aNOVELA INGLESA
942 _2ddc
_cBK
999 _c13208
_d13208